000 00759nas a2200277 4500
001 BR0809312
003 BR-BrBNA
005 20231205112526.0
007 ta
008 230509b bl.|||p| |||| 00| 00por d
040 _aBR-BrBNA
_bpor
_cBiblioteca Nacional de Agricultura
041 _a(En)
072 _aS30
100 1 _aValim, M.F.
100 1 _aBarros, S.
245 1 _aOrange juice and blood pressure
650 _aSUCO DE LARANJA
650 _aVALOR NUTRITIVO
650 _aDIETA
650 _aSÓDIO
650 _aPOTÁSSIO
650 _aSAÚDE PÚBLICA
773 0 _tAlimentos e Nutrição (Brazil)
_xISSN 0103-4235
_g(Oct-Dec 2006), v. 17(4) p. 451-456
_wBR0809312
909 _a202311
_bLúcia
_c55
_dLúcia Elande
942 _2AGRIS
_n0
_cANA
999 _c198502
_d198502